Vídeo Araracuara raudales de biodiversidad (Registro nro. 19265)

Detalles MARC
000 -CABECERA
Campo de control 00442nam a22001577a 4500
005 - FECHA Y HORA DE LA ULTIMA TRANSACCION
Campo de control 20200104041752.0
008 - ELEMENTOS DE LONGITUD FIJA—INFORMACION GENERAL
Campo de control 170201b xxu||||| |||| 00| 0 spa d
040 ## - FUENTE DE CATALOGACIÓN
Agencia catalogadora original CO-BoIAVH
Agencia transcriptora CO-BoIAVH
041 ## - IDIOMA
Código de idioma para texto/pista de sonido o título separado Español
090 ## - CLASIFICACIÓN LOCAL
Colección AV
Consecutivo 00348
110 ## - ASIENTO PRINCIPAL--NOMBRE CORPORATIVO
Nombre corporativo o de jurisdicción como elemento de entrada Instituto de Investigación de Recursos Biológicos Alexander von Humboldt
245 ## - MENCION DE TITULO
Título Vídeo Araracuara raudales de biodiversidad
257 ## - PAIS DE LA ENTIDAD PRODUCTORA DE FILMES DE ARCHIVO
País de la entidad productora Colombia
300 ## - DESCRIPCION FISICA
Extensión .
942 ## - ELEMENTOS ADICIONALES (KOHA)
Sistema de clasificación Local
Tipo de ítem VHS
Existencias
Withdrawn status Lost status Sistema de Clasificación Damaged status No para préstamo Colección Ubicación Permanente Ubicación actual Fecha de adquisición Total Checkouts Total Renewals Número topográfico Inventario / Código de Barras Checked out Date last seen Date checked out Ejemplar Price effective from Tipo de material
    Local     Audiovisual Bogotá Bogotá 01/02/2017 1 2 AV-00348 042389 12/05/2021 12/03/2020 12/03/2020 Ej. 1 01/02/2017 VHS